| 000 | 00815nam a22002297a 4500 | ||
|---|---|---|---|
| 003 | DO-SdBNP | ||
| 005 | 20240305124302.0 | ||
| 008 | 160704b1989 sp | 00| 0 spa d | ||
| 020 | _a8470395424 | ||
| 040 |
_aBPMSU _bspa _cBPMSU |
||
| 082 | 4 |
_a861.08 _bA634p 1989 _222 |
|
| 245 | 0 | 0 |
_aAntología de la poesía española (1939-1975) / _cJosé Enrique Martínez |
| 260 |
_aMadrid : _bCastalia , _c1989 |
||
| 300 |
_a327 p. ; _c18 cm |
||
| 500 | _3Cuadros crónologicos, introducción, texto seleccionado, notas y llamadas de atención, documentos y orientaciones para el estudio | ||
| 590 | _aInventariado, 2024/VM | ||
| 650 | 4 |
_aPoesías españolas _vColecciones |
|
| 650 | 4 | _aEscritores españoles | |
| 700 | 1 |
_aMartínez, José Enrique _eed. |
|
| 910 | _aVMateo V. Control de calidad. BPMSU | ||
| 942 |
_2ddc _cBK |
||
| 999 |
_c10653 _d10653 |
||